| 000 | 01491nam a2200229Ia 4500 | ||
|---|---|---|---|
| 999 |
_c53292 _d53292 |
||
| 001 | 20333 | ||
| 003 | GE_BSU | ||
| 005 | 20200914214107.0 | ||
| 008 | 181216s1966||||ge |||||||||||||| ||geo|| | ||
| 040 | _cGE_BSU | ||
| 041 | _ageo | ||
| 080 | _a811.353.1(072) გ-12 | ||
| 100 |
_aგაბედავა, გრ. _99538 |
||
| 245 |
_aქართული ენის სწავლების საკითხები სტაჟიორული პედაგოგიური პრაქტიკის პერიოდში : _bმეთოდ. მითითებანი დაუსწრ. სწავლების ფაკ-ტის დაწყ. განათლ. სპეც. სტუდ. / _cგრ. გაბედავა. |
||
| 264 |
_aთბილისი : _bგანათლება, _c1966. |
||
| 300 |
_a40 გვ. ; _c21 სმ. |
||
| 541 | _h12თ. | ||
| 653 | _aქართული ენა - სწავლების მეთოდიკა | ||
| 653 | _aქართული ენის სწავლების საკითხები სტაჟიორული პედაგოგიური პრაქტიკის პერიოდში | ||
| 710 |
_aსაქ. სსრ უმაღლესი და საშუალო განათლების სამინისტროს სამეცნიერო-მეთოდური კაბინეტი _99539 |
||
| 942 |
_cBK _2udc |
||